|
|
|
|
| LEADER |
00862cam a2200229 7i4500 |
| 001 |
0000074211 |
| 005 |
20230109090000.0 |
| 020 |
|
|
|a 9781003200703 (electronic book)
|
| 090 |
0 |
0 |
|a TN153
|b .G67 2022
|
| 100 |
1 |
|
|a Gorai, Amit Kumar
|
| 245 |
1 |
0 |
|a Optimization techniques and their applications to mine systems
|c Amit Kumar Gorai, Snehamoy Chatterjee.
|
| 264 |
|
|
|a Boca Raton:
|b CRC Press,
|c 2022.
|
| 300 |
|
|
|a 1 online resource (xiii, 389 pages):
|b text file, PDF.
|
| 336 |
|
|
|a text
|2 rdacontent
|
| 337 |
|
|
|a computer
|2 rdamedia
|
| 338 |
|
|
|a online resource
|2 rdacarrier
|
| 650 |
|
0 |
|a Mining engineering
|
| 655 |
|
0 |
|a Electronic books
|
| 700 |
1 |
|
|a Chatterjee, Snehamoy
|
| 856 |
4 |
2 |
|u http://library.unisel.edu.my/web/guest/mylibrary
|
| 997 |
|
|
|a Engineering & Life Sciences, Faculty
|b Engineering, Department
|
| 999 |
|
|
|a EBO0017486
|b EBOOK
|c EBOOK
|e Electronic resources
|